000 01732 a2200253 4500
003 OSt
005 20180116192341.0
008 120525t xxu||||| |||| 00| 0 eng d
020 _a9781897408179 (paperback)
020 _a9781897408179 (paperback)
040 _c0
082 0 4 _a307
100 1 _aRyn, Sim Van der.
_92293
245 1 0 _aSustainable communities :
_ba new design synthesis for cities, suburbs and towns /
_cSim Van der Ryn, Peter Calthorpe.
260 _aNew yark :
_bNew Catalyst Books,
_c2008.
300 _a xvii.238 p. ;
_bill.;
_c28 cm.
500 _aInclude index .
520 _aThis classic text is a practical vision of how different types of communities can make the transition to a sustainable way of life that balances production and consumption, reduces resource waste and produces long-term social and ecological health. Our old patterns of growth are built on isolation—an isolation from the environment, an isolation between activities and ultimately an isolation between individuals. Whether city or suburb, these qualities of isolation are the same. Buildings ignore climate and place, uses are zoned into separate areas, and individuals are isolated by a lack of convivial public places. Sustainable patterns break down the separations; buildings respond to the climate rather than overpowering it, mixed uses draw activities and people together, and shared spaces reestablish community. -from Sustainable Communities
650 _aCommunities.
_92294
700 _aCalthorpe, Peter
_92295
856 _3Amazon.com
_uhttp://www.amazon.com/exec/obidos/ASIN/189740817X/chopaconline-2
942 _aSADA
_cBK
_k307 RYN 2008
_2ddc
999 _c352660
_d352660